000 01607nam a2200481 i 4500
001 18568
003 KOSZ 005
005 20211026084413.0
008 980921s1979 pl a f |001 0 pol d
015 _aUWD 1979/5208
035 _a991005537149705066
035 _a(PL-WaBN)b11447114-48omnis_nlop
035 _ab11447114
035 _a(OCoLC)835743626
035 _azz2006791369
035 _acc97210669
035 _a(PL)b0000001144711
035 _a(EXLNZ-48OMNIS_NETWORK)9910378358105606
040 _aWA N
_cWA N
_dKOSZ 005/HR
080 _a311
100 1 _aKrzysztofiak, Mirosław
_d(1927-2018)
_eAutor
245 1 0 _aStatystyka /
_cMirosław Krzysztofiak, Andrzej Luszniewicz.
250 _aWydanie drugie zmienione.
260 _aWarszawa :
_bPaństw. Wydaw. Ekonom.,
_c1979.
300 _a411, [1] s. :
_bwykr. ;
_c24 cm.
336 _aTekst
_btxt
_2rdacontent
337 _aBez urządzenia pośredniczącego
_bn
_2rdamedia
338 _aWolumin
_bnc
_2rdacarrier
380 _aKsiążki
388 _a1901-2000
388 _a1945-1989
504 _aBibliogr. s. 405-406. - Indeks.
650 7 _aLudność
_2DBN
650 7 _aStatystyka
_2DBN
650 7 _aStopa życiowa
_2DBN
655 7 _aPodręcznik
_2DBN
658 _aSocjologia i społeczeństwo
700 1 _aLuszniewicz, Andrzej
_d(1930- )
_eAutor
710 2 _aPaństwowe Wydawnictwo Ekonomiczne
_4pbl
856 _uhttp://koha.tu.koszalin.pl/cgi-bin/koha/opac-detail.pl?biblionumber=18568
_yKatalog online BPK
942 _2UKD
_cKS
999 _c18568
_d18568